Short stories of Himachal Pardesh/ (Record no. 68810)

MARC details
000 -LEADER
fixed length control field 00784nam a22002057a 4500
005 - DATE AND TIME OF LATEST TRANSACTION
control field 20120731113958.0
010 ## - LCCN (DPL NO)
LC control number B-454725
020 ## - INTERNATIONAL STANDARD BOOK NUMBER
International Standard Book Number 9798173872036
Terms of availability 350.00
035 ## - SYSTEM CONTROL NUMBER
System control number B-454725
037 ## - SOURCE OF ACQUISITION
Stock number dpl
Source of stock number/acquisition Blueberry Pub/ Ven
082 ## - DEWEY DECIMAL CLASSIFICATION NUMBER
Classification number S
245 ## - TITLE STATEMENT
Title Short stories of Himachal Pardesh/
Statement of responsibility, etc translated by Meenakshi F. Paul
260 ## - PUBLICATION, DISTRIBUTION, ETC. (IMPRINT)
Place of publication, distribution, etc New Delhi
Name of publisher, distributor, etc Indus Publishing
Date of publication, distribution, etc 2007
270 ## - ADDRESS
Address FS- 5 tagire garden
City New Delhi
300 ## - PHYSICAL DESCRIPTION
Extent 183p.
Dimensions 22cm
700 ## - ADDED ENTRY--PERSONAL NAME
Personal name Meenakshi F.Paul
9 (RLIN) 50637
942 ## - ADDED ENTRY ELEMENTS (KOHA)
Source of classification or shelving scheme Dewey Decimal Classification
Item type English Books
Call number suffix PAU
Classification part S
Holdings
Withdrawn status Lost status Not for loan Collection code Home library Current library Date acquired Source of acquisition Cost, normal purchase price Full call number Barcode Copy number Cost, replacement price Koha item type
      Fiction Central Library Central Library 07/08/2012 Blue Berry/7232/09.11.2011/06/15.09.2011/30.11.2011 350.00 S PAU B-454725 1 350.00 English Books

© Delhi Public Library
Hit Counter
free hit counter